Bushido: el camino del samurai

Uloženo v:
Podrobná bibliografie
Médium: Kniha
Jazyk:španělština
Vydáno: Barcelona Paidotribo 2009
Vydání:1a. ed
Témata:
Tagy: Přidat tag
Žádné tagy, Buďte první, kdo vytvoří štítek k tomuto záznamu!

MARC

LEADER 00000nam a2200000 a 4500
001 UCG3286
003 CL-VaPUC
008 100819e20090000SP |||||||||||||||||spa|d
020 |a 9788480198431 
082 0 4 |a 794  |b BUS  |2 21 
245 1 0 |a Bushido: el camino del samurai 
250 |a 1a. ed 
300 |a 111 p 
942 |c BK 
945 |d 20100819 00:00:00  |a mfarfan 
260 |a Barcelona  |b Paidotribo  |c 2009 
500 |a Basado en el libro Hagakure de Tsunetomo Yamamoto 
650 7 |a BUSHIDO  |2 CL-VaPUC  |9 552288 
583 |a last modification  |c 20100819 00:00:00  |k Rodrigo Vera 
999 |c 342357  |d 342355 
952 |0 0  |1 0  |4 0  |6 794_000000000000000_BUS_2009  |7 0  |8 C  |9 438516  |a BIBCUR  |b BIBCUR  |d 2019-11-22  |i 4705599  |l 2  |m 1  |o 794 BUS 2009  |p 4705599  |r 2025-04-22  |s 2024-09-04  |w 2019-11-22  |y BK  |k DEN